000 00262nam a2200097Ia 4500
008 210107s9999 xx 000 0 und d
100 _aMahalanobis
245 4 _aThe Approach of operational research to planning in India
260 _aBombay
_bAsia pub
942 _cBK
999 _c11635
_d11635